000 00917nam a2200253Ia 4500
003 OSt
005 20220927105652.0
006 a|||||r|||| 00| 0
007 ta
008 220926b |||||||| |||| 00| 0 eng d
024 _a194915
037 _cReference Collections
040 _aRTL
_cRTL
_beng
041 _2eng
_aeng
082 _a"XM5,651.2.N9, P9/Th"
100 _aHASIJA Naina
_9374129
245 0 _aRelationship between buyback of shares and market valuation
_b A study of Indian corporate sector.
260 _a"Delhi,"
_bUniversity of Delhi.
_c2009
300 _a"ix, 249p Bibliography: P 241-49"
_ccm.
490 _a"Thesis, University of Delhi, Commerce (Deptt. of-). University of Delhi, Commerce (Deptt. of-), Thesis"
500 _aAccessioned from CRL
942 _h"XM5,651.2.N9, P9/Th"
_cCC
999 _c693823
_d693823